Aasian pääkaupunkeja - Hirsipuu - Statistics

Yleistilastot
  • Tätä visaa on pelattu 91 kertaa
  • Keskiarvotulos 5 / 9
Vastaustilastot
Kirjaimet % Oikein
A
100%
A
100%
A
100%
A
100%
A
100%
A
100%
A
100%
A
100%
E
100%
E
100%
T
100%
A
89%
A
89%
I
83%
S
83%
A
75%
B
67%
D
67%
I
67%
L
67%
M
67%
N
67%
O
67%
I
63%
O
63%
S
63%
E
50%
G
50%
G
50%
J
50%
J
50%
J
50%
L
50%
M
50%
N
50%
N
50%
N
50%
P
50%
R
50%
S
50%
U
50%
K
44%
G
38%
P
38%
R
38%
D
33%
P
33%
T
33%
U
33%
W
33%
Y
33%
Y
33%
D
22%
H
22%
M
22%
N
22%
E
0%
E
0%
I
0%
I
0%
N
0%
N
0%
V
0%
Ehtoja vastaavia visoja ei löytynyt
Tulosjakauma
Jokaisen tuloksen saaneiden osuus
Persentiili vastausten määrän mukaan
Tuloshistoriasi
Et ole pelannut tätä visaa